00849nam a2200229Ia 4500003000400000005001700004008004100021020001800062040001800080041000800098082002200106100002900128245005400157250001200211260004700223300003300270650004300303650004200346942003100388999001900419952018100438OSt20220830125830.0210716s2017 xx 000 0 und d a9788126566136 cAIMIT LIBRARY aeng a005.448 21bMONT aMontgomery, Todd.956157 aComptia cloud + study guide.cBy Todd Montgomery. a1st ed. aNew Delhi :bWiley India Pvt Ltd ,c2017 . alxiii, 293p. ;bPBc23.5 cm. aSystems management in the cloud956158 aCloud storage and provisioning956159 2ddccBKe1stk005.448 MONT c195615d195615 00102ddc40708MCAaAIMITbAIMITd2017-03-01eKnowledge Worldg799.00iBill no:318; Bill dt:2017-02-10l0o005.448 MONTpMCA15126r2026-05-23 00:00:00v599.25w2021-07-16yBK